Lessons from lockdown : (Record no. 171510)

MARC details
000 -LEADER
fixed length control field 01003nam a22002657a 4500
003 - CONTROL NUMBER IDENTIFIER
control field OSt
005 - DATE AND TIME OF LATEST TRANSACTION
control field 20250327103823.0
008 - FIXED-LENGTH DATA ELEMENTS--GENERAL INFORMATION
fixed length control field 250327b |||||||| |||| 00| 0 eng d
020 ## - INTERNATIONAL STANDARD BOOK NUMBER
International Standard Book Number 9780367639297 (paperback)
040 ## - CATALOGING SOURCE
Original cataloging agency NUST
Language of cataloging eng
Transcribing agency NUST
Modifying agency NUST
Description conventions rda
050 ## - LIBRARY OF CONGRESS CALL NUMBER
Classification number LB2806 BRE
100 ## - MAIN ENTRY--PERSONAL NAME
Personal name Breslin, Tony
Relator term Author
245 ## - TITLE STATEMENT
Title Lessons from lockdown :
Remainder of title the educational legacy of COVID-19 /
Statement of responsibility, etc. Tony Breslin.
260 ## - PUBLICATION, DISTRIBUTION, ETC.
Place of publication, distribution, etc. Abingdon, Oxon ; New York, NY :
Name of publisher, distributor, etc. Routledge,
Date of publication, distribution, etc. 2021.
300 ## - PHYSICAL DESCRIPTION
Extent xxiv, 214 pages :
Other physical details illustrations (black and white) ;
Dimensions 24 cm.
336 ## - CONTENT TYPE
Source rdamedia
Content type term text
Content type code txt
337 ## - MEDIA TYPE
Source rdamedia
Media type term unmediated
Media type code n
338 ## - CARRIER TYPE
Source rdamedia
Carrier type term volume
Carrier type code nc
504 ## - BIBLIOGRAPHY, ETC. NOTE
Bibliography, etc. note Includes bibliographical references and index.
650 ## - SUBJECT ADDED ENTRY--TOPICAL TERM
Form subdivision Educational planning -- Great Britain.
650 ## - SUBJECT ADDED ENTRY--TOPICAL TERM
Form subdivision Educational change -- Great Britain.
650 ## - SUBJECT ADDED ENTRY--TOPICAL TERM
Form subdivision COVID-19 (Disease) -- Great Britain.
650 ## - SUBJECT ADDED ENTRY--TOPICAL TERM
Form subdivision Community and school -- Great Britain.
942 ## - ADDED ENTRY ELEMENTS (KOHA)
Source of classification or shelving scheme Library of Congress Classification
Koha item type Ordinary Loan Books
Classification part LB2806 BRE
Call number prefix LB
Call number suffix BRE
Suppress in OPAC No
Holdings
Withdrawn status Lost status Source of classification or shelving scheme Damaged status Not for loan Collection Home library Current library Date acquired Source of acquisition Cost, normal purchase price Total Checkouts Full call number Barcode Date last seen Accession number Cost, replacement price Price effective from Koha item type Public note
    LCC     NFIC MEDICAL MEDICAL 03/27/2025 Book Aid International 25.00   LB2806 BRE 92004056017 03/27/2025 62594 25.00 03/27/2025 BOOKS Donation